Focus on grammar: A high-intermediate ( Course for reference and practice )

में बचाया:
ग्रंथसूची विवरण
मुख्य लेखक: Marjorie Fuchs
स्वरूप: पुस्तक
भाषा:Undetermined
प्रकाशित: Tp. HCM Tp. HCM 1997
विषय:
टैग : टैग जोड़ें
कोई टैग नहीं, इस रिकॉर्ड को टैग करने वाले पहले व्यक्ति बनें!
Thư viện lưu trữ: Trung tâm Học liệu Trường Đại học Cần Thơ
LEADER 00621nam a2200181Ia 4500
001 CTU_53458
008 210402s9999 xx 000 0 und d
020 |b 28000 
082 |a 425 
082 |b F951 
100 |a Marjorie Fuchs 
245 0 |a Focus on grammar: A high-intermediate ( Course for reference and practice ) 
245 0 |c Marjorie Fuchs and Margaret Bonner; Lê Huy Lâm và Phạm Tấn Quyền dịch và chú giải 
260 |a Tp. HCM 
260 |b Tp. HCM 
260 |c 1997 
650 |a english grammar - problems, exercises, etc. 
980 |a Trung tâm Học liệu Trường Đại học Cần Thơ